| 000 | 00900na a2200265 4500 | ||
|---|---|---|---|
| 001 | 23069 | ||
| 003 | MIRAKIL | ||
| 005 | 20181213154931.0 | ||
| 008 | 170601b tu 000 0 | ||
| 040 |
_aMilas _btur _cTR-AnCHP |
||
| 041 | _atur | ||
| 082 |
_aCHP 342.03 _bC25 2017 |
||
| 090 | _aCHP 342.03 C25 2017 | ||
| 222 | _a2017 Anayasa Değişikliği | ||
| 245 |
_aCami cemaati, mütedeyyin ve muhafazakarlara Anayasa değişikliği nasıl anlatılacak? _bEgemenlik milletindir saltanatın değil _bHayır _cCHP |
||
| 246 | _aEgemenlik milletindir saltanatın değil | ||
| 260 |
_aAnkara _bCHP _c2017 |
||
| 300 |
_a41 s. _bfotğ. _c21 sm. |
||
| 610 |
_aCHP _xAnayasa, 2017 _yCami cemati |
||
| 650 |
_aTürkiye _xAnayasa, 2017 _yCami cemaati |
||
| 650 |
_aTürkiye _xAnayasa, 2017 _yDeğişikliği |
||
| 740 | _aHayır | ||
| 740 | _aEgemenlik milletindir saltanatın değil | ||
| 942 |
_2ddc _cBKS |
||
| 999 |
_c3419 _d3419 |
||